Normal view
MARC view
- جاب الله،علي سعد مؤلف/مكاوي،سيد فهمي م.مشارك/عبد الباري،ماهر شعبان م.مشارك
Entry Personal Name
001 - CONTROL NUMBER
- control field: 27915
003 - CONTROL NUMBER IDENTIFIER
- control field: JO-AjAnu
005 - DATE AND TIME OF LATEST TRANSACTION
- control field: 20230606074733.0
008 - FIXED-LENGTH DATA ELEMENTS
- fixed length control field: 230606|| aca||aabn | a|a d
040 ## - CATALOGING SOURCE
- Original cataloging agency: JO-AjAnu
- Transcribing agency: JO-AjAnu
100 ## - HEADING--PERSONAL NAME
- Personal name: جاب الله،علي سعد مؤلف/مكاوي،سيد فهمي م.مشارك/عبد الباري،ماهر شعبان م.مشارك
670 ## - SOURCE DATA FOUND
- Source citation: Work cat.: (JO-AjAnu)14332: جاب الله،علي سعد مؤلف/مكاوي،سيد فهمي م.مشارك/عبد الباري،ماهر شعبان م.مشارك, author, تعلم القراءة والكتابة:أسسه وإجراءاته التربوية